| 000 | 00433cam a22001217a 4500 | ||
|---|---|---|---|
| 008 | 180718b2017 xxu||||| |||| 00| 0 eng d | ||
| 020 | _a9789386453068 | ||
| 245 |
_aGrowth and diversification in India's emerging economy _cedited by Pranab Kumar Chattopadhyay and Daya Shankar Kushwaha |
||
| 260 |
_aNew Delhi _bNew Delhi Publishers _c2017 |
||
| 300 | _a158p. | ||
| 700 | _aKushwaha, Daya Shankar | ||
| 700 | _aChattopadhyay, Pranab Kumar | ||
| 999 |
_c446212 _d446212 |
||